| 000 | 01006nam a22002777a 4500 | ||
|---|---|---|---|
| 003 | OSt | ||
| 005 | 20250521155115.0 | ||
| 008 | 200217t2017 ag ||||gr|||| 00| f spa d | ||
| 020 | _a9789874085160 | ||
| 040 |
_aCO-JMCR _cCO-JMCR |
||
| 041 | 1 |
_aspa _heng |
|
| 082 | 0 | 4 |
_aJ-N _bBRIs |
| 100 | 1 |
_aBriggs, Elizabeth, _eautora _9670 |
|
| 245 | 1 |
_aShock del futuro / _cElizabeth Briggs ; traducción de, Belén Sánchez Parodi |
|
| 260 |
_aArgentina : _bNumeral 17, _c©2017 |
||
| 300 |
_a303 páginas ; _c22 cm. |
||
| 500 | _aDatos biográficos del autor en solapa posterior. | ||
| 500 | _aTitulo original: Future Shock | ||
| 501 | _aCon nota en tapa frontal: Best Seller de The New York Times | ||
| 520 | _aElla es una chica sin futuro. Elena tiene mucha calle, una memoria prodigiosa y una fecha limite. | ||
| 546 | _aTraducido del Inglés. | ||
| 650 | 1 | 4 |
_aCiencia ficción _9671 |
| 650 | 1 | 4 |
_aNovela _zEstadounidense _9672 |
| 700 |
_aSánchez Parodi, Belén, _etraductor _9673 |
||
| 942 |
_2ddc _cBK |
||
| 999 |
_c6539 _d6539 |
||